| 000 | 02395nam a22003737a 4500 | ||
|---|---|---|---|
| 001 | 100431 | ||
| 003 | KnowledgeUnlatched | ||
| 005 | 20210303105345.0 | ||
| 006 | m o d | ||
| 007 | cr u|||||||||| | ||
| 008 | 210129p20142017au o u00| u eng d | ||
| 035 | _a(OCoLC)1044482345 | ||
| 037 | _5BiblioBoard | ||
| 245 | 0 | 0 |
_aWestern Anatolia before Troy _bProto-Urbanisation in the 4th Millenium BC? Proceedings of the International Symposium held at the Kunsthistorisces Museum Wien Vienna, Austria, 21-24 November, 2012 / _cBarbara Horejs, Mathias Mehofer. |
| 020 | _a9783700177616 | ||
| 029 | 1 | _ahttps://library.biblioboard.com/ext/api/media/dbfca08a-a63d-4397-9f48-45f98d766b8f/assets/thumbnail.jpg | |
| 040 |
_aScCtBLL _cScCtBLL |
||
| 506 | 0 |
_aAccess copy available to the general public. _fUnrestricted _2star |
|
| 700 | 1 |
_aHorejs, Barbara _eeditor. |
|
| 700 | 1 |
_aMehofer, Mathias _eeditor. |
|
| 264 | 1 | _bVerlag der Ã-sterreichischen Akademie der Wissenschaften, | |
| 300 | _a1 online resource (490 p.) | ||
| 520 | _aOREA 1 presents the scientific results of the international symposium Western Anatolia before Troy - Proto-Urbanisation in the 4th Millennium BC? The sparse archaeological data published for the 5th and 4th millennia BC and the archaeological picture of western Anatolia, fundamentally changed in the last decades, needed to bring together specialists of western Turkey and the neighbouring regions to discuss new data in the light of socio-cultural processes in the period before Troy. Furthermore, following the results of the ERC research group (ERC project Prehistoric Anatolia), it appeared high time to focus on this period as it had been frequently neglected in the recent dynamic prehistoric research in western Turkey. | ||
| 588 | 0 | _aDescription based on print version record. | |
| 590 | _aKU Select 2016 Backlist Collection | ||
| 650 | 7 |
_aHistory / Europe / Medieval _2bisacsh |
|
| 650 | 0 | _aHistory | |
| 655 | 0 | _aElectronic books. | |
| 758 |
_iIs found in: _aKnowledge Unlatched _1https://openresearchlibrary.org/module/2774bc74-146a-484f-a7ba-ab1d6a09bbfb |
||
| 856 | 4 | 0 |
_uhttps://openresearchlibrary.org/content/dbfca08a-a63d-4397-9f48-45f98d766b8f _zView this content on Open Research Library. _70 |
| 999 |
_c34224 _d34224 |
||